000 00869nam a2200289Ia 4500
005 20260324115418.0
008 008 260324s9999 xx 000 0 eng d
020 _a9781351271967
037 _aEBOOK
040 _aCRL
040 _beng
040 _cCRL
041 _2eng
041 _aeng
084 _qCRL
100 _aRicardo Bonacho; Alcinda de Sousa; Cláudia Viegas; João Martins; Maria Pires; Sara Estêvão
_91154560
245 0 _aExperiencing Food, Designing Dialogues
245 0 _bProceedings of the 1st International Conference on Food Design and Food Studies (EFOOD 2017), Lisbon, Portugal, October 19-21, 2017
260 _bTaylor and Francis
260 _c2018
365 _a
365 _b400
856 _uhttp://www.taylorfrancis.com/books/9781351271967
942 _cEBOOK
999 _c1745430
_d1745430